League of Legends - LEC Champions - Statistics

General Stats
  • This quiz has been taken 4,068 times
    557 since last reset
  • The average score is 39 of 62
Answer Stats
Times Team/Player % Correct
7 Fnatic
99%
16 G2 Esports
99%
14 Caps
92%
1 Karmine Corp
91%
3 MAD Lions
91%
1 Movistar KOI
90%
8 BrokenBlade
89%
11 Mikyx
88%
7 Hans Sama
87%
8 Perkz
87%
4 Rekkles
87%
1 Rogue
86%
5 Jankos
85%
8 Yike
85%
4 Wunder
83%
4 Elyoya
82%
2 Targamas
80%
3 Hylissang
78%
1 Caliste
77%
2 Bwipo
76%
1 Canna
76%
2 Humanoid
76%
1 Jojopyun
73%
1 Larssen
73%
5 sOAZ
73%
1 Vladi
73%
3 Carzzy
72%
1 Supa
72%
3 xPeke
72%
1 Alvaro
69%
2 Broxah
67%
2 Armut
66%
1 Flakked
66%
1 Myrwn
66%
1 Odoamne
65%
5 YellOwStaR
65%
1 Nisqy
64%
1 Trymbi
64%
1 Malrang
62%
1 Comp
61%
2 Kaiser
60%
2 Huni
57%
1 Alliance
56%
3 Cyanide
49%
3 Zven
49%
3 Mithy
46%
2 Febiven
44%
2 Reignover
43%
1 Chasy
42%
1 Froggen
42%
4 Trick
42%
3 Expect
34%
1 Kikis
34%
1 Emperor
30%
1 Steeelback
30%
1 nRated
25%
1 Puszu
24%
1 Wickd
24%
1 Hybrid
23%
1 Shook
22%
1 Tabzz
21%
1 Nyph
19%
No matching quizzes found
Score Distribution
Percent of People with Each Score
Percentile by Number Answered
Your Score History
You have not taken this quiz since the last reset